00305pab a2200121 454500008004000000100002700040245004900067260000900116300000900125362001200134650002600146773001100172180718b1983 xxu||||| |||| 00| 0 eng d aYadav, Jagdambi Prasad aFamily welfare programme in India and abroad c1983 a27-8 a1 Sept. aBirth Control - India aYojana